[Event "Copenhagen Chess Challenge 2006"]
[Site "Skovlunde"]
[Date "2006.??.??"]
[Round "9"]
[White "Nielsen, Jan Mose"]
[Black "Skovgaard, Tom"]
[Result "1/2-1/2"]
[WhiteElo "2101"]
[BlackElo "2033"]
[PlyCount "112"]
[EventDate "2006.??.??"]
[EventType "swiss"]
[EventRounds "9"]
[EventCountry "DEN"]

1. d4 Nf6 2. c4 e6 3. Nf3 Bb4+ 4. Bd2 Bxd2+ 5. Nbxd2 d5 6. e3 O-O 7. Bd3 Nbd7
8. O-O c5 9. cxd5 Nxd5 10. dxc5 Nxc5 11. Bxh7+ Kxh7 12. Qc2+ Kg8 13. Qxc5 b6
14. Qd4 Bb7 15. Rfc1 Rc8 16. h4 Qf6 17. Ne5 Rfd8 18. Rxc8 Rxc8 19. Ndf3 Qe7 20.
a3 Qc5 21. Qa4 b5 22. Qb3 Ne7 23. Rd1 Bd5 24. Qd3 f6 25. e4 Bb7 26. Qd7 Bxe4
27. Qxe6+ Kh7 28. Nd7 Qc2 29. Nxf6+ Kh8 30. Rd7 Qc1+ 31. Kh2 Qf4+ 32. g3 Qxf3
33. Qxe4 Qxf2+ 34. Kh3 gxf6 35. Rxe7 Qf1+ 36. Kh2 Qf2+ 37. Qg2 Rc2 38. Qxf2
Rxf2+ 39. Kh3 Rxb2 40. Rxa7 Ra2 41. Rb7 Rxa3 42. Rxb5 Kg7 43. h5 Ra4 44. Rb7+
Kh6 45. Rf7 Ra6 46. g4 Rb6 47. Kg3 Ra6 48. Kf4 Rb6 49. Kf5 Rb5+ 50. Kxf6 Rb6+
51. Kf5 Rb5+ 52. Kf4 Rb4+ 53. Kg3 Rxg4+ 54. Kf3 Ra4 55. Rf4 Rxf4+ 56. Kxf4 Kxh5
1/2-1/2

[Event "Copenhagen Chess Challenge 2006"]
[Site "Skovlunde"]
[Date "2006.??.??"]
[Round "9"]
[White "Kaaber Hansen, Jacob"]
[Black "Tandrup, Michael"]
[Result "1/2-1/2"]
[WhiteElo "2134"]
[BlackElo "2021"]
[PlyCount "34"]
[EventDate "2006.??.??"]
[EventType "swiss"]
[EventRounds "9"]
[EventCountry "DEN"]

1. e4 c5 2. Nf3 Nc6 3. d4 cxd4 4. Nxd4 e5 5. Nb5 d6 6. N1c3 a6 7. Na3 b5 8. Nd5
Nf6 9. c4 Nxe4 10. g3 Qa5+ 11. Bd2 b4 12. Bg2 Bf5 13. Nc2 Rb8 14. a3 Qc5 15.
O-O Nxd2 16. Qxd2 Bxc2 17. Qxc2 b3 1/2-1/2

[Event "Copenhagen Chess Challenge 2006"]
[Site "Skovlunde"]
[Date "2006.??.??"]
[Round "9"]
[White "Smith, Axel"]
[Black "Tikkanen, Hans"]
[Result "0-1"]
[WhiteElo "2105"]
[BlackElo "2359"]
[PlyCount "84"]
[EventDate "2006.??.??"]
[EventType "swiss"]
[EventRounds "9"]
[EventCountry "DEN"]

1. e4 g6 2. d4 d6 3. Nc3 c6 4. f4 d5 5. e5 h5 6. Nf3 Bg4 7. h3 Bxf3 8. Qxf3 e6
9. Be3 Nd7 10. O-O-O h4 11. Bd3 Nh6 12. Ne2 Nf5 13. Bf2 Be7 14. Kb1 b5 15. Rc1
a5 16. Rhd1 Qb6 17. Bxf5 gxf5 18. Ng1 Qa6 19. Qe2 Nb6 20. Nf3 Nc4 21. Qe1 b4
22. Bxh4 Rxh4 23. Nxh4 a4 24. Nf3 b3 25. cxb3 axb3 26. axb3 Nxb2 27. Kc2 Nxd1
28. Kxd1 Qd3+ 29. Qd2 Qf1+ 30. Ne1 Bh4 31. Qe2 Qg1 32. Qd2 Bxe1 33. Qxe1 Qxg2
34. Qb4 Qxh3 35. Qb7 Qd3+ 36. Ke1 Qe3+ 37. Kd1 Qxd4+ 38. Ke1 Qg1+ 39. Kd2 Ra2+
40. Kd3 Qg3+ 41. Kd4 Qf2+ 42. Kd3 Qd2# 0-1